| 000 | 00811nam a2200205 a 4500 | ||
|---|---|---|---|
| 001 | 000043147 | ||
| 005 | 20201002040655.0 | ||
| 008 | 140220d1997 sp 000 0 spa d | ||
| 020 | _a8448709020 | ||
| 040 |
_aDO-SdBNP _bspa _cBNPHU |
||
| 100 | 1 |
_aDelumeau, Jean _970706 |
|
| 240 | 1 | 0 |
_aL'aveu et le pardon. Les difficultés de la confession. XIIIe-XVIII siècle _lespañol |
| 245 | 1 | 3 |
_aLa Confesión y el Perdón : _blas dificultades de la confesión siglo XIII a XVIII / _cJean Delumeau ; traducción: Mauro Armiño. |
| 260 |
_aBarcelona : _bAltaya, _c1997. |
||
| 300 |
_a150 p. ; _c22 cm. |
||
| 490 | 1 |
_aGrandes obras de historia _v54 |
|
| 504 | _aIncluye referencias bibliográficas y notas al pie de las páginas | ||
| 700 | 1 |
_aArmiño, Mauro _etr. _913314 |
|
| 830 | 0 |
_aGrandes obras de historia _v54 _970707 |
|
| 999 |
_c42636 _d42636 |
||